Statistics for Translate: Countries

Click here to take the quiz!

General Stats

  • This quiz has been taken 41 times
  • The average score is 14 of 15

Answer Stats

CountryTranslation% Correct
Côte d’IvoireIvory Coast
97%
MoçambiqueMozambique
97%
O’zbekistonUzbekistan
97%
ViëtnamVietnam
97%
BulgaryeBulgaria
94%
Cabo VerdeCape Verde
94%
IndlandiIndia
94%
MaldíveyjarMaldives
94%
MoldawiëMoldova
94%
Arab al-SaudiyyaSaudi Arabia
94%
IémenYemen
94%
Guinée ÉquatorialeEquatorial Guinea
91%
ErrusiaRussia
88%
CampucciàCambodia
79%
São Tomé and PríncipeSão Tomé and Príncipe
79%

Score Distribution

Percentile by Number Answered

Percent of People with Each Score

Your Score History

You have not taken this quiz